Television Quiz

Random Television or NHL Quiz

Which Sport Do I Announce? Quiz Stats

 Plays Quiz Updated Jun 30, 2017

Support Sporcle.
Go Orange.
Score 0/14 Timer 06:00
0 Plays Today
Question Answer Wrong Answers
What sport does/did Pat Summerall, Frank Gifford, and John Madden primarily announce? American Football
92.1%
Basketball
1.7%
Baseball
1.6%
Pro Wrestling
1.4%
What sport does/did Bob Uecker, Joe Buck, and Vin Scully primarily announce? Baseball
88.1%
Ice Hockey
3.3%
Tennis
2%
Golf
3.2%
What sport does/did Ned Jarrett, Darrell Waltrip, and Benny Parsons primarily announce? Auto Racing
85.6%
Soccer
3.5%
American Football
2.8%
College Basketball
4.1%
What sport does/did 'Mean' Gene Okerlund, Gorilla Monsoon, and Jerry 'The King' Lawler primarily announce? Pro Wrestling
85.1%
Soccer
1.6%
American Football
2.4%
Boxing
7.3%
What sport does/did Dick Enberg, Mary Carillo, and Patrick McEnroe primarily announce? Tennis
84.4%
Ice Hockey
3.8%
College Football
3.9%
Auto Racing
4.3%
What sport does/did Chris Fowler, Brent Musburger, and Kirk Herbstreit primarily announce? College Football
80.7%
Figure Skating
3.1%
Tennis
3.9%
College Basketball
8.7%
What sport does/did Andrés Cantor, Adrian Healey, and Alexi Lalas primarily announce? Soccer
80.4%
Auto Racing
6.2%
Bowling
4.8%
Figure Skating
5%
What sport does/did Verne Lundquist, Dick Vitale, and Jay Bilas primarily announce? College Basketball
79.7%
Baseball
3.6%
College Football
8.5%
Auto Racing
4.5%
What sport does/did Marv Albert, Mike Breen, and Chick Hearn primarily announce? Basketball
78.9%
Ice Hockey
7.1%
Soccer
3.5%
Golf
6.9%
What sport does/did Mike 'Doc' Emrick, Don Cherry, and Mike Milbury primarily announce? Ice Hockey
77.6%
Baseball
7.5%
Pro Wrestling
6.9%
Soccer
4.3%
What sport does/did Max Kellerman, Teddy Atlas, and Jim Lampley primarily announce? Boxing
75.5%
Soccer
5%
College Football
9.4%
Baseball
6.1%
What sport does/did Christine Brennan, Scott Hamilton, and Dick Button primarily announce? Figure Skating
74.7%
Bowling
9.6%
College Football
4.6%
Gymnastics
7.1%
What sport does/did Al Trautwig, Elfi Schlegel, and Nastia Liukin primarily announce? Gymnastics
69.3%
Figure Skating
19.4%
Tennis
5.1%
College Basketball
2.4%
What sport does/did Gary McCord, Jim Nantz, and David Feherty primarily announce? Golf
67.3%
American Football
16.4%
Ice Hockey
3.7%
College Basketball
9%

You're not logged in!

Compare scores with friends on all Sporcle quizzes.
OR
Log In
Forgot?

From the Vault

MLB Most 10-Win Seasons

by Ben

It's rare for a pitcher to reach 20 total seasons, let alone pitch effectively in all of them
Remove Ads.
Support Sporcle.
Get the best of Sporcle when you Go Orange. This ad-free experience offers more features, more stats, and more fun while also helping to support Sporcle. Thank you for becoming a member.

Show Comments

Extras

Top Quizzes Today


Score Distribution

Your Account Isn't Verified!

In order to create a playlist on Sporcle, you need to verify the email address you used during registration. Go to your Sporcle Settings to finish the process.

Report this User

Report this user for behavior that violates our Community Guidelines.

Details: